Development of a low-cost embedded data acquisition system for concrete RCP test (Record no. 45654)

000 -LEADER
fixed length control field 00509nam a22001697a 4500
001 - CONTROL NUMBER
control field 45654
003 - CONTROL NUMBER IDENTIFIER
control field BD-DhUET
008 - FIXED-LENGTH DATA ELEMENTS--GENERAL INFORMATION
fixed length control field 260421b xxu||||| |||| 00| 0 eng d
040 ## - CATALOGING SOURCE
Transcribing agency 0
Modifying agency BD-DhUET
100 ## - MAIN ENTRY--PERSONAL NAME
Personal name Mashiur Rahman, MD.
245 ## - TITLE STATEMENT
Title Development of a low-cost embedded data acquisition system for concrete RCP test
260 ## - PUBLICATION, DISTRIBUTION, ETC. (IMPRINT)
Place of publication, distribution, etc. Dhaka
Name of publisher, distributor, etc. Institute of Information and Communication Technology, BUET
Date of publication, distribution, etc. 2025
300 ## - PHYSICAL DESCRIPTION
Extent xii, 61p.
501 ## - WITH NOTE
With note One CD-ROM
504 ## - BIBLIOGRAPHY, ETC. NOTE
Bibliography, etc Includes bibliographies
942 ## - ADDED ENTRY ELEMENTS (KOHA)
Koha item type Thesis
Holdings
Price effective from Lost status Piece designation (barcode) Koha item type Date acquired Damaged status Sublocation or collection (holding branch) Not for loan Koha date last seen Withdrawn status Location (home branch) Source of classification or shelving scheme Shelving location Copy number
2026-04-21 121020Thesis2026-04-21 Central Library, BUET 2026-04-21 Central Library, BUET Acquisition section1